Resilencia y desarrollo humano: aportes para una discusión /
Saved in:
| Main Author: | |
|---|---|
| Format: | Text |
| Subjects: | |
| Tags: |
Add Tag
No Tags, Be the first to tag this record!
|
MARC
| LEADER | 00000 a a2200000 04500 | ||
|---|---|---|---|
| 001 | 222 | ||
| 003 | |||
| 040 | |||
| 100 | |a Donas Burak, Solum | ||
| 245 | |a Resilencia y desarrollo humano: |b aportes para una discusión / |c Solum Donas Burak | ||
| 650 | |a JUVENTUD | ||
| 650 | |a ADOLESCENTES | ||
| 650 | |a CONDICIONES DE VIDA | ||
| 773 | |g volumen 1, número 1; páginas 35-37 | ||
| 999 | |c 33140 |d 33140 | ||
| 773 | 0 | |0 42346 |9 3358 |d San José, Costa Rica: CCSS. DTSS. DMP. Programa Atención Integral de la Adolescencia, 1999- |o 07056 |t Adolescencia y Salud/ | |
